00834 2200289 4500001002100000005001500021035002000036100002600056245003800082264004700120264007100167300002300238336002100261337003000282338002300312520003100335850001200366006001100378007001500389008004100404020002200445040002200467082001400489084002000503250001000523990001100533INLIS00000000000015920220616024645 a0010-06220001560 aTere Liye,ePengarang1 aHarga sebuah percaya /cTere Liye aJakarta : :bYayasan Mitra Netra,,c[2019] aJakarta : :bMahaka Publishing, imprint Republika Penerbit,,c2017 a280 hlm ;c20,5 cm 2rdacontentateks 2rdamediaatanpa perantara 2rdacarrieravolume aJudul diambil dari kemasan aJKPNPNAm |cj cga---uuuuu220616 0 ind  a978-602-9474-12-1 aJKPNPNAbinderda a899.221 3 a899.221 3 TER h acet.2 a22.162